Queens of the Stone Age Albums - Statistics

General Stats
  • This quiz has been taken 223 times
  • The average score is 5 of 6
Answer Stats
Hint Answer % Correct
2002 Songs for the Deaf
97%
1998 Queens of the Stone Age
96%
2000 Rated R
94%
2013 ...Like Clockwork
91%
2007 Era Vulgaris
90%
2005 Lullabies to Paralyze
80%
No matching quizzes found
Score Distribution
Percent of People with Each Score
Percentile by Number Answered
Your Score History
You have not taken this quiz